=LDR 00000nam 2200000 4500 =001 NUTBA000000000005898 =005 20141112134235.0 =006 =007 =008 =020 ##$$a 978-979-29-3366-6 =035 ##$$0010-111400000000377 =040 ##$$a NBPDMAT =090 ##$$a 618.2 $b Jan p =100 ##$$a Janiwarty, Bethsaida =245 ##$$a Pendidikan psikologi untuk bidan : $b Suatu teori dan terapannya/ $c Oleh, Bethsaida Janiwarty, Herri Zan Pieter =260 ##$$a Yogyakarta : $b Rapha Publishing $c 2013 =300 ##$$a xvi, 350 hlm . : $b ilus. ; $c 23 cm. =500 ##$$a Bibliografi : hlm. 341-348 =650 ##$$a Kebidanan, Ilmu =700 ##$$a Herri Zan Pieter =850 ##$$a NBPDMAT =990 ##$$a 0001/BPAP-NTB/20142014